00352nam a2200145Ia 4500008004100000020001500041041001200056082001100068100001500079245003800094260003100132300000900163650001700172700001700189221030s9999 xx 000 0 und d a8188646997 aEnglish a105.23 aB. R. Puri 0aPrinciples of Inorganic Chemistry bMilestone PubaDelhic2006 a1115 aBB Chemistry aL. R. Sharma